000 00730nam a22002175i 4500
001 172075
003 ES-MaACL
005 20230906214818.0
008 090612s1974 sp |||| | spa d
080 _a929 Soares, Mario
080 _a32(469)"1910"
100 1 _aSoares, Mário.
_9140661
245 1 0 _aPortugal amordazado
_b: un testimonio /
_cMário Soares ; prólogo de Raúl Morodo ; [traducción de Darío Giménez de Cisneros].
250 _a[1ª ed.].
260 _a[Barcelona] :
_bDopesa,
_c[1974]
300 _a353 p. ;
_c20 cm.
651 4 _aPortugal-
_xHistoria-
_y1910-1974.
_9140662
700 1 _aMorodo, Raúl.
_983633
700 0 _aGiménez de Cisneros, Dario.
_957043
852 _aES-MaACL
_jE-6134
_9R.90414
999 _c172075
_d172075